Teorías de la producción escrita. Internalismo y externalismo
שמור ב:
| מחבר ראשי: | |
|---|---|
| פורמט: | ספר |
| שפה: | ספרדית |
| יצא לאור: |
Santiago
Frasis
2005
|
| מהדורה: | 1a. ed |
| סדרה: | Lenguaje y Comunicación, 1
|
| נושאים: | |
| תגים: |
הוספת תג
אין תגיות, היה/י הראשונ/ה לתייג את הרשומה!
|
MARC
| LEADER | 00000nam a2200000 a 4500 | ||
|---|---|---|---|
| 001 | UCK8074 | ||
| 003 | CL-VaPUC | ||
| 008 | 060113e20050000CL |||||||||||||||||spa|d | ||
| 020 | |a 9568170081 | ||
| 082 | 0 | 4 | |a 808.001 |b BEN |2 21 |
| 100 | 0 | |a Benítez Figari, Ricardo Alberto |e author |9 497877 | |
| 245 | 1 | 0 | |a Teorías de la producción escrita. Internalismo y externalismo |
| 250 | |a 1a. ed | ||
| 300 | |a 174 p | ||
| 942 | |c BK | ||
| 945 | |d 20060113 00:00:00 |a cmena | ||
| 260 | |a Santiago |b Frasis |c 2005 | ||
| 650 | 0 | |a Retórica |9 266620 | |
| 650 | 0 | |a Composición de textos |9 454808 | |
| 650 | 0 | |a Análisis del discurso |9 256696 | |
| 650 | 0 | |a Técnicas de redacción |9 460283 | |
| 650 | 0 | |a Filosofía del lenguaje |9 257082 | |
| 650 | 0 | |a Investigación lingüística |9 329785 | |
| 583 | |a last modification |c 20060113 00:00:00 |k Rodrigo Vera | ||
| 490 | 0 | |a Lenguaje y Comunicación, 1 | |
| 999 | |c 315898 |d 315896 | ||
| 952 | |0 0 |1 0 |4 0 |6 808_001000000000000_BEN_2005 |7 0 |8 A |9 389757 |a BIBEDU |b BIBEDU |d 2019-11-22 |i 4203429 |l 5 |m 1 |o 808.001 BEN 2005 |p 4203429 |q 2025-05-06 |r 2025-04-23 |s 2025-04-23 |w 2019-11-22 |y BK |k LIT | ||
| 952 | |0 0 |1 0 |4 0 |6 808_001000000000000_BEN_2005 |7 0 |8 X |9 389758 |a FDOBUD |b FDOBUD |d 2019-11-22 |i 4557751 |o 808.001 BEN 2005 |p 4557751 |r 2019-11-22 |w 2019-11-22 |y BK_X |k BUD | ||